| 000 -ლიდერი |
| ფიქსირებული სიგრძის საკონტროლო ველი |
01409nam a22001937a 4500 |
| 003 - საკონტროლო ნომრის იდენტიფიკატორი |
| საკონტროლო ველი |
Ge_BSU |
| 005 - ბოლო ოპერაციის თარიღი და დრო |
| საკონტროლო ველი |
20230504111835.0 |
| 008 - ფიქსირებული სიგრძის მონაცემთა ელემენტები - ზოგადი ინფორმაცია |
| ფიქსირებული სიგრძის საკონტროლო ველი |
230504s2015 ge ||||| |||| 00| 0 geo d |
| 041 ## - ენის კოდი |
| Language code of text/sound track or separate title |
geo |
| 080 ## - უნივერსალური ათობითი კლასიფიკაციის ინდექსი |
| Universal Decimal Classification number |
94(479.22) ხ-16 |
| 100 ## - მთავარი ჩანაწერი - პიროვნების სახელი |
| Personal name |
ხაზარაძე, ნანა |
| 9 (RLIN) |
17948 |
| 245 ## - ცნობა სათაურის შესახებ |
| Title |
საქართველოს ძველი ისტორიის ქრესტომათია / |
| Statement of responsibility, etc |
საქართველოს მეცნიერებათა ეროვნული აკადემია ; შეადგინა, ძვ. წ. IX-VIII სს. ასურული ლურსმული, ძვ. წ. VI ს. სპარსული ლურსმული, იეროგლიფურ-ლუვიური წარწერები თარგმნა, კომენტარები დაურთო ნანა ხაზარაძემ ; რედაქტორი როინ მეტრეველი. |
| 264 ## - წარმოების, გამოცემის, დისტრიბუციის და სხვა ცნობები |
| გამოცემის, წარმოების, დისტრიბუციის... ადგილი |
თბილისი, |
| გამოცემის, წარმოების, დისტრიბუციის... თარიღი |
2015. |
| 300 ## - ფიზიკური აღწერა |
| Extent |
246 გვ. ; |
| Other physical details |
20 სმ. |
| 653 ## - INDEX TERM--UNCONTROLLED |
| Uncontrolled term |
საქართველოს ძველი ისტორია |
| 700 ## - ADDED ENTRY--PERSONAL NAME |
| Personal name |
მეტრეველი, როინ, რედაქტორი. |
| 9 (RLIN) |
17949 |
| 710 ## - ADDED ENTRY--CORPORATE NAME |
| Corporate name or jurisdiction name as entry element |
საქართველოს მეცნიერებათა ეროვნული აკადემია. |
| 9 (RLIN) |
17950 |
| 942 ## - ADDED ENTRY ELEMENTS (KOHA) |
| Source of classification or shelving scheme |
|
| Koha item type |
წიგნი |